Windows Vista ultimate bible

The ultimate book on the ultimate Vista for gamers and digital media buffs. If you're the ultimate gamer and multimedia fan, Windows Vista Ultimate and this information-packed book are for you.

保存先:
書誌詳細
第一著者: Durham, Joel
フォーマット: 図書
言語:Undetermined
出版事項: Indianapolis Wiley Pub., Inc 2007
主題:
タグ: タグ追加
タグなし, このレコードへの初めてのタグを付けませんか!
Thư viện lưu trữ: Trung tâm Học liệu Trường Đại học Cần Thơ
LEADER 00812nam a2200205Ia 4500
001 CTU_166133
008 210402s9999 xx 000 0 und d
020 |c 34.99 
082 |a 005.446 
082 |b D961 
100 |a Durham, Joel 
245 0 |a Windows Vista ultimate bible 
245 0 |c Joel Durham, Derek Torres 
260 |a Indianapolis 
260 |b Wiley Pub., Inc 
260 |c 2007 
520 |a The ultimate book on the ultimate Vista for gamers and digital media buffs. If you're the ultimate gamer and multimedia fan, Windows Vista Ultimate and this information-packed book are for you. 
650 |a Microsoft Windows (Computer file),Hệ điều hành Windows (Chương trình máy tính) 
904 |i Loan, Bạch Trúc 
980 |a Trung tâm Học liệu Trường Đại học Cần Thơ